Baki Characters - Statistics

General Stats
  • This quiz has been taken 114 times
  • The average score is 13 of 23
Answer Stats
Hint Answer % Correct
Main CharacterStrongest Teenager Hanma Baki
100%
Father of the formerStrongest Creature on Earth The Ogre Hanma Yujiro
94%
Mr. Unchained Biscuit Oliva
83%
Brother of the main characterSon of The Ogre Jack Hanma
82%
Primitive Human Pickle
78%
User of Chinese Kenpo Retsu Kaiou
78%
Former Master of Shinshinkai Karate Orochi Doppo
75%
Strongest Yakuza Hanayama Kaoru
66%
Master of JujutsuMaster of Shibukawa-ryuu Shibukawa Goki
58%
One of the 5 most dangerous criminalsAmerican User of Chinese Kenpo Dorian Kaiou
56%
One of the 5 most dangerous criminalsAmerican Spec
56%
One of the 5 most dangerous criminalsBritish Hector Doyle
54%
Main character's girlfriend Matsumoto Kozue
54%
One of the 5 most dangerous criminalsRussian Sikorsky
47%
One of the 5 most dangerous criminalsJapanese User of the Vacuum Fist Yanagi Ryuko
47%
Master of Shinshinkai KarateAdopted son of the former master Orochi Katsumi
46%
Captain of the Chinese Team in the TournamentSupreme Grand Master of Chinese Kenpo Kaku Kaiou
45%
Manager of the Underground Arena Tokugawa Mitsunari
42%
BoxerSon of one of the greatest boxers in history Mohammad Alai Jr.
36%
General of the US ArmyCompanion of The Ogre Gerry Strydum
33%
Doctor Shinogi Kureha
33%
Founder of his own country2nd Unchained Jun Guevaru
31%
Participant in the Chinese Challenge TournamentJapanese Origin User of Kukendo Jaku Kaiou
25%
No matching quizzes found
Score Distribution
Percent of People with Each Score
Percentile by Number Answered
Your Score History
You have not taken this quiz